000 01181cam a2200253 4500
001 ##L132057
008 051222n2004 000 0 eng u
020 _a086017624X
035 _a(Sirsi) u132057
041 0 _aeng
050 _a711.26 $2 18
100 1 _aLancaster, J.
245 0 0 _aDevelopment and flood risk
_bguidance for the construction industry
260 _aLondon
_bCIRIA
_c2004
300 _a182p.
_bill
_c30cm.
490 0 _aCIRIA
_v624
520 _aGuide for developers and the construction industry on the implementation of good practice in the assessment and management of flood risk as part of the development process, and is intended to promote development that is sustainable in terms of flood risk. Describes the mechanisms and impacts of flooding and includes national planning policy guidance for development and flood risk in the UK.
520 _aIncludes a CD-ROM which is not available for loan (L133335).
690 _aENVIRONMENTAL AND LAND CONSULTANCY-WATER RESOURCE MANAGEMENT-FLOODING
700 1 _aPreene, M.
700 1 _aMarshall, C. T.
710 2 _aConstruction Industry Research and Information Association
_94810
942 _n0
999 _c104997
_d104997